Manusia dan Islam : Jilid satu
| Other Authors: | |
|---|---|
| Format: | Book |
| Published: |
Kuala Lumpur :
Dewan Bahasa dan Pustaka ,
2002
|
| Subjects: |
MARC
| LEADER | 00000cam a2200000 7i4500 | ||
|---|---|---|---|
| 001 | 0000012624 | ||
| 005 | 20071227.0 | ||
| 008 | 071227 | ||
| 020 | |a 9836214224 | ||
| 090 | 0 | 0 | |a 297.4 |b MAN |
| 245 | 1 | 0 | |a Manusia dan Islam : |b Jilid satu |c Haron Din...[et al] |
| 260 | |a Kuala Lumpur : |b Dewan Bahasa dan Pustaka , |c 2002 | ||
| 650 | 0 | |a Democracy, Islam | |
| 650 | 0 | |a Islam | |
| 650 | 0 | |a Islam |x Customs and practices | |
| 700 | 1 | |a Haron Din , Dato | |
| 999 | |a 0001009918 |b Book |c Adult Collection |e Perbadanan Perpustakaan Awam Johor | ||